000 00908nam a2200229 a 4500
001 44371
003 BD-RjUL
005 20211209053838.0
008 160717s1983 bg ||||| |||| 00| 0 ben d
020 _c: Tk. 25.00
035 _a(BD-RjUL)44489
040 _aBD-RjUL
_bben
_cBD-RjUL
041 _aben
082 _223
_a891.4414
_bRAM 1983
100 1 _aরহমান,মুহাম্মদ হাবিবুর
_9136180
245 1 0 _aমাতৃভাষার সপক্ষে রবীন্দ্রনাথ /
_cমুহাম্মদ হাবিবুর রহমান
260 _aঢাকা :
_bবাংলা একাডেমী ,
_c১৯৮৩
300 _a১৩৭ পৃ. ;
_c২০ সেমি.
600 _aঠাকুর, রবীন্দ্রনাথ ১৮৬১-১৯৪১
_9211339
600 _aTagore, Rabindranath 1861-1941
_9211340
942 _2ddc
_cBK
999 _c44371
_d44371